00843 2200265 4500001002100000005001700021008004100038020002200079035002400101040001200125082001800137084001800155090002200173100002500195245009400220250001100314260004100325300002800366500008200394504003000476651002300506850001200529990001800541990001800559INLIS00000000002893120170705114630.0  a978-602-9248-31-9 0010-071700000000101 aYOPDYOG a959.802b[23] a959.802 Mth K aBTR 959.802 Mth K aM. THAMRIN MATTULADA aKuasa Penjajahb: Imperialisme belanda di kerajaan Bone 1906-1931c/ M. Thamrin Mattulada aCet. 1 aMakassarbPustaka Sawerigadingc2015 axii, 144 hlm.c; 21 cm. aKerjasama antara penerbit pustaka Sawerigading dan BPAD Prov Sulawesi Selatan aBibliografi : hlm.138-143 aIndonesiaxSejarah aYOPDYOG a55021-PD/A.17 a55422-PD/A.17